Zum Symbol- und Sprachverständnis von 9-24 Monate alten Kindern : Entwicklung einer Bildererreihe als Teilaspekt eines entwicklungsphysiologischen Tests /

Hlavní autor: Schubert, Joachim
Korporativní autor: Universität München
Jazyk: Němčina
Vydáno: München : J. Schubert, 1972
Fyzický popis: 89 s.
Knihy
Uloženo v:
LEADER 00799nam a22002172a 4500
001 001234796
003 CZ BrMZK
005 20130326134929.0
007 ta
008 120726s1972 gw er 000 0 ger d
040 |a BOA001  |b cze 
100 1 |a Schubert, Joachim  |4 dis 
245 1 0 |a Zum Symbol- und Sprachverständnis von 9-24 Monate alten Kindern :  |b Entwicklung einer Bildererreihe als Teilaspekt eines entwicklungsphysiologischen Tests /  |c Joachim Schubert 
260 |a München :  |b J. Schubert,  |c 1972 
300 |a 89 s. 
502 |a Disertace--Universität München, 1972 
710 2 |a Universität München  |7 kn20020322441 
910 |a BOA001  |b 2-0748.434 
990 |a BK 
991 |b 201207 
996 7 |b 2619556821  |c 2-0748.434  |l Sklad H1  |r Sklad / do 24 hodin  |n 0  |h HS 212  |w 001268789  |u 000010  |a 1  |e BOA001  |j MZK50  |s A